000
00258nam a2200109Ia 4500
008
190216s9999||||xx |||||||||||||| ||und||
100
_a
Jyoti Agarwal
245
0
_a
"Central Sales Tax Act,1956"
260
_b
C Jamnadas & Co
_c
1996
300
_a
76p
942
_c
BK
999
_c
5628
_d
5628